Every Country with Territory in North America - Statistics

General Stats
  • This quiz has been taken 106 times
  • The average score is 24 of 29
Answer Stats
Hint Answer % Correct
North American Countries United States
95%
North American Countries Canada
92%
North American Countries Mexico
91%
North American Countries Panama
91%
North American Countries Costa Rica
87%
North American Countries El Salvador
87%
North American Countries Guatemala
87%
North American Countries Honduras
87%
North American Countries Antigua & Barbuda
86%
North American Countries Belize
86%
North American Countries Cuba
86%
North American Countries Nicaragua
86%
North American Countries Barbados
84%
North American Countries Haiti
84%
North American Countries Jamaica
84%
North American Countries St Vincent & the Grenadines
84%
North American Countries Dominica
83%
North American Countries St Kitts & Nevis
83%
Non North American Country United Kingdom (Various Caribbean Islands and Bermuda)
83%
North American Countries Bahamas
82%
North American Countries Dominican Republic
82%
Non North American Country France (Various Caribbean Islands, St Pierre and Miquelon, and Clipperton Islands)
82%
North American Countries St Lucia
82%
North American Countries Trinidad & Tobago
81%
North American Countries Grenada
79%
Non North American Country Netherlands (Various Caribbean Islands)
75%
Non North American Country Denmark (Greenland)
70%
Non North American Country Venezuela (Federal Dependencies)
65%
Non North American Country Colombia (San Andres and Providencia)
61%
No matching quizzes found
Score Distribution
Percent of People with Each Score
Percentile by Number Answered
Your Score History
You have not taken this quiz